000 00346nam a22001337a 4500
008 181221b xxu||||| |||| 00| 0 eng d
020 _a9780761987031
041 _aeng
080 _a316
100 _a50
101 _aSOC
245 _aTaking it big. Developing Sociological Consciousness in Postmodern Times
_cDandaneau, S.P
942 _2udc
_cBK
999 _c53681
_d53681